[Event "15th Deltalift Open 2018"]
[Site "Halmstad"]
[Date "2018.05.12"]
[Round "8"]
[White "Nilsson, Patrik"]
[Black "Rydstrom, Tom"]
[Result "1/2-1/2"]
[WhiteElo "2195"]
[BlackElo "2324"]
[Annotator "NA"]
[PlyCount "131"]
[EventDate "2018.??.??"]
[EventType "swiss"]
[EventCountry "SWE"]
[SourceTitle "playchess.com"]
[Source "ChessBase"]
[SourceQuality "1"]
[TimeControl "1800+12"]

{[%evp 8,129,18,26,25,32767,32767,32767,32767,7,54,47,68,38,52,0,18,17,23,-8,0,-20,-10,-11,-10,-12,-6,-21,-3,-16,32767,0,32767,32767,32767,32767,7,6,32767,0,0,0,32767,32767,32767,-4,0,0,0,-4,0,-1,0,0,32767,-10,-5,32767,32767,-39,32767,-65,-12,32767,0,0,32767,32767,0,32767,32767,32767,32767,-11,-2,-49,-91,-104,32767,32767,-155,32767,0,32767,32767,0,0,32767,32767,32767,32767,32767,32767,0,0,8,0,0,20,0,32767,12,24,32767,0,54,187,32767,283,14,32767,8,31,0,0,8,32767,0,32767,0,0,0,0,0]} 1. e4 {[%emt 0:00:00]} c5 {[%emt 0:00:00]} 2. c3 {[%emt 0:00:00]} Nf6 {[%emt 0:00:00]} 3. e5 {[%emt 0:00:00]} Nd5 {[%emt 0:00:00]} 4. Nf3 {[%emt 0:00:00]} Nc6 {[%emt 0:00:00]} 5. Bc4 {[%emt 0:00:00]} Nb6 {[%emt 0:00:00]} 6. Bb3 {[%emt 0:00:00]} d5 {[%emt 0:00:00]} 7. exd6 {[%emt 0:00:00]} Qxd6 {[%emt 0:00:00]} 8. d4 {[%emt 0:00:00] LiveBook: 45 Games B22: Sicilian: 2 c3} (8. Na3 Be6 9. d4 Bxb3 10. Qxb3 cxd4 11. Nb5 Qd7 12. Nbxd4 Nxd4 13. Nxd4 e6 14. Bf4 Bd6 15. Bxd6 Qxd6 {½-½ (32) Abasov,N (2587)-Nepomniachtchi,I (2733) Antalya 2017}) 8... g6 $146 {[%emt 0:00:00]} ({Predecessor:} 8... cxd4 9. O-O Be6 10. Bxe6 Qxe6 11. Nxd4 Nxd4 12. Qxd4 Rd8 13. Qf4 g6 14. Be3 Bg7 15. Na3 O-O 16. Rfe1 Nd5 17. Qc4 a6 18. Bd4 Qf5 19. Bxg7 Kxg7 20. Qd4+ f6 21. c4 {½-½ (42) Savchenko,B (2559)-Timofeev,A (2603) Kazan 2014}) 9. dxc5 {[%emt 0:00:00]} Qxc5 {[%emt 0:00:00]} 10. Be3 {[%emt 0:00:00]} Qh5 {[%emt 0:00:00]} 11. Ng5 {[%emt 0:00:00]} Qxd1+ {[%emt 0:00:00]} 12. Kxd1 {[%emt 0:00:00]} e6 $1 {[%emt 0:00:00]} 13. Nd2 {[%emt 0:00:00]} Be7 {[%emt 0:00:00]} 14. f4 {[%emt 0:00:00]} O-O {[%emt 0:00:00]} 15. Ke2 {[%emt 0:00:00]} Nd5 {[%emt 0:00:00]} 16. Bxd5 {[%emt 0:00:00]} exd5 {[%emt 0:00:00]} 17. Ngf3 {[%emt 0:00:00]} Re8 {[%emt 0:00:00]} 18. Nb3 {[%emt 0:00:00]} Bf5 {[%emt 0:00:00]} 19. Kf2 {[%emt 0:00:00]} Bf8 {[%emt 0:00:00]} 20. Rhe1 {[%emt 0:00:00]} Be4 {[%emt 0:00:00]} 21. g3 {[%emt 0:00:00]} h6 {[%emt 0:00:00]} 22. Nfd4 {[%emt 0:00:00]} Nxd4 {[%emt 0:00:00]} 23. Bxd4 {[%emt 0:00:00]} Rec8 {[%emt 0:00:00]} 24. Be3 {[%emt 0:00:00]} b5 {[%emt 0:00:00]} 25. a3 {[%emt 0:00:00]} a5 {[%emt 0:00:00]} 26. Nd2 {[%emt 0:00:00]} Bf5 {[%emt 0:00:00]} 27. Bd4 {[%emt 0:00:00]} Rab8 {[%emt 0:00:07]} 28. b4 {[%emt 0:02:03]} a4 {[%emt 0:06:13]} 29. Nf3 {[%emt 0:00:24]} Rb7 {[%emt 0:00:26]} 30. Re3 {[%emt 0:01:56]} Be4 {[%emt 0:09:48]} 31. Ne5 {[%emt 0:01:55]} Bg7 {[%emt 0:00:31]} 32. Rd1 {[%emt 0:00:01]} g5 {[%emt 0:00:41]} 33. Rg1 {[%emt 0:06:29]} Rbc7 {[%emt 0:01:21]} 34. Ke2 {[%emt 0:01:33]} (34. fxg5 $11 hxg5 35. h4) 34... f6 {[%emt 0:04:47]} 35. Nd3 {[%emt 0:00:07]} Re8 {[%emt 0:05:22]} 36. Nc5 {[%emt 0:00:18]} Rce7 {[%emt 0:00:18]} 37. Kd2 {[%emt 0:00:09]} Kf7 {[%emt 0:02:53]} 38. Rge1 {[%emt 0:00:57]} gxf4 {[%emt 0:00:05]} 39. gxf4 {[%emt 0:00:00]} h5 {[%emt 0:00:00]} 40. Rh3 {[%emt 0:02:33]} Bh6 {[%emt 0:05:05]} 41. Nxe4 {[%emt 0:07:09]} Bxf4+ {[%emt 0:00:10]} ({Much worse is} 41... Rxe4 $6 42. Rxe4 dxe4 43. Ke3 $11) (41... dxe4 $6 42. Rf1 $14) 42. Kd1 {[%emt 0:00:00]} Rxe4 {[%emt 0:00:00]} 43. Rxe4 {[%emt 0:00:00]} dxe4 {[%emt 0:00:00]} ({Don't take} 43... Rxe4 44. Rxh5 Be5 45. Bxe5 $11) 44. Rxh5 {[%emt 0:00:00]} e3 $2 {[%emt 0:00:00]} (44... Be5 $19 45. Rh7+ Kg6) 45. Ke2 {[%emt 0:00:00]} Kg6 {[%emt 0:00:00]} 46. Rh3 {[%emt 0:00:00]} (46. Rxb5 $14 Rh8 47. h4 Rxh4 48. Bxe3) 46... Kf5 {[%emt 0:00:00]} 47. Bxe3 {[%emt 0:00:00]} Kg4 {[%emt 0:00:00]} 48. Rf3 {[%emt 0:00:00]} Bxh2 {[%emt 0:00:00]} 49. Rxf6 {[%emt 0:00:00]} Be5 {[%emt 0:00:00]} 50. Rg6+ {[%emt 0:00:00]} Kf5 $1 {[%emt 0:00:00]} 51. Rg5+ {[%emt 0:00:00]} Ke4 {[%emt 0:00:00]} 52. Rg4+ {[%emt 0:00:00]} Kf5 {[%emt 0:00:00]} 53. Rg5+ {[%emt 0:00:00]} Kf6 {[%emt 0:01:37]} 54. Rh5 {[%emt 0:00:00]} ({Better is} 54. Kd3 $14) 54... Bxc3 {[%emt 0:00:00]} 55. Kd3 {[%emt 0:00:00]} Be5 {[%emt 0:00:57]} 56. Bd4 {[%emt 0:00:00]} Bxd4 {[%emt 0:00:00]} 57. Kxd4 {[%emt 0:00:00]} Rd8+ {[%emt 0:00:06]} (57... Re1 $16 {is a better defense.} 58. Kc5 (58. Rxb5 Ra1 $14) 58... Re3) 58. Ke4 $2 {[%emt 0:00:00]} (58. Kc5 $18) 58... Rd1 {[%emt 0:00:39]} 59. Rxb5 {[%emt 0:00:00]} Ra1 $1 {[%emt 0:00:00]} 60. Ra5 {[%emt 0:00:00]} Rxa3 {[%emt 0:00:00]} 61. Kd5 {[%emt 0:00:00]} Ra1 {[%emt 0:00:00]} 62. Kc4 {[%emt 0:00:00]} Ke6 {[%emt 0:00:00]} 63. b5 {[%emt 0:00:00]} Kd6 {[%emt 0:00:00]} 64. Ra6+ {[%emt 0:00:00]} Kc7 $11 {[%emt 0:00:00]} 65. Kb4 {[%emt 0:00:00]} Kb7 {[%emt 0:00:00]} 66. Rxa4 {[%emt 0:00:00]} 1/2-1/2

[Event "15th Deltalift Open 2018"]
[Site "Halmstad"]
[Date "2018.05.12"]
[Round "8"]
[White "Sorensen, Hampus"]
[Black "Neretljak, Nedzad"]
[Result "1-0"]
[WhiteElo "2176"]
[BlackElo "2099"]
[Annotator "NA"]
[PlyCount "147"]
[EventDate "2018.??.??"]
[EventType "swiss"]
[EventCountry "SWE"]
[SourceTitle "playchess.com"]
[Source "ChessBase"]
[SourceQuality "1"]
[TimeControl "1800+12"]

1. d4 {[%emt 0:00:00]} Nf6 {[%emt 0:00:00]} 2. c4 {[%emt 0:00:00]} e5 {[%emt 0:00:00]} 3. dxe5 {[%emt 0:00:00]} Ng4 {[%emt 0:00:00]} 4. e3 {[%emt 0:00:00]} Nxe5 {[%emt 0:00:00]} 5. Nc3 {[%emt 0:00:00] A52: Budapest Gambit} (5. Nh3 Bb4+ 6. Bd2 a5 7. Nf4 d6 8. Nc3 O-O 9. Be2 Re8 10. O-O Nbd7 11. Qc2 Nf6 12. Rad1 c6 13. Na4 Bxd2 14. Rxd2 {1-0 (49) Wojtaszek,R (2727)-Ivanchuk,V (2710) Huaian 2016}) 5... g6 {[%emt 0:00:00]} 6. f4 {[%emt 0:00:00]} Nec6 {[%emt 0:00:00]} 7. Nf3 {[%emt 0:00:00]} Bg7 {[%emt 0:00:00]} 8. Bd3 {[%emt 0:00:00]} d6 {[%emt 0:00:00]} 9. Bd2 {[%emt 0:00:00]} Be6 $146 {[%emt 0:00:00]} ({Predecessor:} 9... Nd7 10. a3 a5 11. O-O O-O 12. Rb1 {1-0 (27) Elsness,F (2458)-Tisdall,J (2426) Norway 2010}) 10. a3 {[%emt 0:00:00]} a5 {[%emt 0:00:00]} 11. Ng5 {[%emt 0:00:00]} Nd7 {[%emt 0:00:00]} 12. Nxe6 {[%emt 0:00:00]} fxe6 {[%emt 0:00:00]} 13. O-O {[%emt 0:00:00]} O-O {[%emt 0:00:00]} 14. Rb1 {[%emt 0:00:00]} Nf6 {[%emt 0:00:00]} 15. Kh1 {[%emt 0:00:00]} Kh8 {[%emt 0:00:00]} 16. Ne4 {[%emt 0:00:00]} Nxe4 {[%emt 0:00:00]} 17. Bxe4 {[%emt 0:00:00]} e5 {[%emt 0:00:00]} 18. f5 {[%emt 0:00:00]} Qh4 {[%emt 0:00:00]} 19. Qc2 {[%emt 0:00:00]} g5 {[%emt 0:00:00]} 20. g3 {[%emt 0:00:00]} Qh5 {[%emt 0:00:00]} 21. Bc3 {[%emt 0:00:00]} g4 {[%emt 0:00:00]} 22. b4 {[%emt 0:02:39]} axb4 {[%emt 0:00:00]} 23. axb4 {[%emt 0:00:00]} Qg5 {[%emt 0:00:00]} 24. Bd2 {[%emt 0:02:03]} h5 {[%emt 0:00:00]} (24... Rab8 $16 {might work better.} 25. Rbd1 Ne7) 25. b5 {[%emt 0:06:24]} Nd8 {[%emt 0:00:00]} 26. c5 {[%emt 0:04:58]} h4 {[%emt 0:00:00]} 27. cxd6 {[%emt 0:01:45]} cxd6 {[%emt 0:00:00]} 28. Kg1 {[%emt 0:01:06]} Qh5 {[%emt 0:00:00]} 29. Bg2 {[%emt 0:02:51]} Nf7 {[%emt 0:00:00]} 30. f6 {[%emt 0:05:59]} Bh6 {[%emt 0:00:00]} 31. Rf5 {[%emt 0:00:21]} Ng5 {[%emt 0:00:00]} 32. e4 {[%emt 0:02:07]} hxg3 {[%emt 0:00:00]} 33. hxg3 {[%emt 0:00:01]} Nh3+ {[%emt 0:05:35]} 34. Bxh3 {[%emt 0:02:01]} Qxh3 {[%emt 0:00:17]} 35. Bxh6 {[%emt 0:00:04]} Qxh6 {[%emt 0:00:24]} 36. Qh2 {[%emt 0:00:56]} Qxh2+ {[%emt 0:00:00]} 37. Kxh2 {[%emt 0:00:00]} Ra2+ {[%emt 0:04:09]} 38. Kg1 {[%emt 0:00:00]} Kh7 {[%emt 0:01:07]} 39. Rd1 {[%emt 0:00:14]} Rb2 {[%emt 0:01:09]} 40. Rxd6 {[%emt 0:00:42]} Ra8 $2 {[%emt 0:05:13]} (40... Rb1+ $11 {and Black stays safe.} 41. Kg2 Rb2+ 42. Kf1 Rxb5) 41. Rd7+ {[%emt 0:00:00]} Kg6 {[%emt 0:00:00]} 42. Rg7+ {[%emt 0:00:00]} Kh6 {[%emt 0:00:00]} 43. Rxg4 {[%emt 0:00:00]} Rb1+ {[%emt 0:00:00]} 44. Kg2 {[%emt 0:00:00]} Ra2+ {[%emt 0:00:00]} 45. Rf2 {[%emt 0:00:00]} Rxf2+ {[%emt 0:00:00]} 46. Kxf2 {[%emt 0:00:00]} Rb2+ {[%emt 0:00:00]} 47. Kg1 {[%emt 0:00:00]} Rb1+ {[%emt 0:00:00]} 48. Kg2 {[%emt 0:00:00]} Rb2+ {[%emt 0:00:00]} 49. Kh3 {[%emt 0:00:00]} Rf2 {[%emt 0:00:00]} 50. Rg7 {[%emt 0:00:00]} b6 {[%emt 0:00:00]} 51. Re7 {[%emt 0:00:00]} Rxf6 {[%emt 0:00:00]} 52. Rxe5 {[%emt 0:00:00]} Kg6 {[%emt 0:00:00]} 53. Kg4 {[%emt 0:00:00]} Rd6 {[%emt 0:00:00]} 54. Rd5 {[%emt 0:00:00]} Re6 {[%emt 0:00:00]} 55. e5 {[%emt 0:00:00]} Kf7 {[%emt 0:00:00]} 56. Kf5 {[%emt 0:00:00]} Rh6 {[%emt 0:00:00]} 57. g4 {[%emt 0:00:00]} Rh1 {[%emt 0:00:00]} 58. Rd7+ {[%emt 0:00:00]} Ke8 {[%emt 0:00:00]} 59. Rb7 {[%emt 0:00:00]} Rf1+ {[%emt 0:00:00]} 60. Ke6 {[%emt 0:00:00]} Kd8 {[%emt 0:00:00]} 61. Rxb6 {[%emt 0:00:00]} Rg1 {[%emt 0:00:00]} 62. Rb8+ {[%emt 0:00:00]} Kc7 {[%emt 0:00:00]} 63. Rg8 {[%emt 0:00:00]} Rb1 {[%emt 0:00:00]} 64. g5 {[%emt 0:00:00]} Rxb5 {[%emt 0:00:00]} 65. g6 {[%emt 0:00:00]} Rb6+ {[%emt 0:00:00]} 66. Ke7 {[%emt 0:00:00]} Rb7 {[%emt 0:00:00]} 67. e6 {[%emt 0:00:00]} Rb1 {[%emt 0:00:00]} 68. Ra8 {[%emt 0:00:00]} Rg1 {[%emt 0:00:00]} 69. Kf7 {[%emt 0:00:00]} Rf1+ {[%emt 0:00:00]} 70. Kg8 {[%emt 0:00:00]} Kd6 {[%emt 0:00:00]} 71. g7 {[%emt 0:00:00]} Ke7 {[%emt 0:00:00]} 72. Ra7+ {[%emt 0:00:00]} Kxe6 {[%emt 0:00:00]} 73. Ra6+ {[%emt 0:00:00]} Ke7 {[%emt 0:00:00]} 74. Kh7 {[%emt 0:00:00]} 1-0

[Event "15th Deltalift Open 2018"]
[Site "Halmstad"]
[Date "2018.05.12"]
[Round "8"]
[White "Lindborg, Patrik"]
[Black "Goransson, Martin"]
[Result "1-0"]
[WhiteElo "2172"]
[BlackElo "2025"]
[Annotator "NA"]
[PlyCount "87"]
[EventDate "2018.??.??"]
[EventType "swiss"]
[EventCountry "SWE"]
[SourceTitle "playchess.com"]
[Source "ChessBase"]
[SourceQuality "1"]
[TimeControl "1800+12"]

1. d4 {[%emt 0:00:00]} d5 {[%emt 0:00:00]} 2. c4 {[%emt 0:00:00]} c6 {[%emt 0:00:00]} 3. Nf3 {[%emt 0:00:00]} Nf6 {[%emt 0:00:00]} 4. Nc3 {[%emt 0:00:00]} a6 {[%emt 0:00:00]} 5. e3 {[%emt 0:00:00]} b5 {[%emt 0:00:00]} 6. b3 {[%emt 0:00:00]} Bg4 {[%emt 0:00:00]} 7. h3 {[%emt 0:00:00]} Bxf3 {[%emt 0:00:00]} 8. Qxf3 {[%emt 0:00:00]} e5 {[%emt 0:00:00]} 9. cxd5 {[%emt 0:00:00] D15: Slav Defence: 4 Nc3 a6 and gambit lines after 4 Nc3 dxc4} (9. dxe5 $11 Bb4 10. Bd2) 9... Bb4 {[%emt 0:00:00] LiveBook: 3 Games} 10. Bd2 {[%emt 0:00:00]} cxd5 $146 {[%emt 0:00:00]} ({Predecessor:} 10... Qa5 11. Nb1 exd4 12. Qf4 Bxd2+ 13. Nxd2 O-O 14. Qxd4 cxd5 15. a4 bxa4 16. Rxa4 Qc7 17. Be2 Nc6 18. Qc3 Qb6 19. O-O {½-½ (19) Deepan Chakkravarthy,J (2468)-Hernandez Carmenates,H (2569) Barcelona 2012}) 11. Rd1 {[%emt 0:00:00]} exd4 {[%emt 0:00:00]} 12. exd4 {[%emt 0:00:00]} O-O {[%emt 0:00:00]} 13. Be2 {[%emt 0:00:00]} Nc6 {[%emt 0:00:00]} 14. Qd3 {[%emt 0:00:00]} Qb6 {[%emt 0:00:00]} 15. O-O {[%emt 0:00:00]} Nxd4 {[%emt 0:00:00]} 16. Bg4 {[%emt 0:00:00]} Ne6 {[%emt 0:05:34]} 17. Nxd5 {[%emt 0:00:00]} Nxd5 {[%emt 0:00:00]} 18. Qxd5 {[%emt 0:00:00]} Rad8 {[%emt 0:02:01]} 19. Be3 {[%emt 0:00:00]} Qa5 {[%emt 0:00:39]} 20. Qe4 {[%emt 0:00:00]} Nc5 {[%emt 0:04:41]} (20... Rde8 $14) 21. Qc6 {[%emt 0:00:00]} Ne6 $2 {[%emt 0:07:04]} (21... f5 $16) 22. Bb6 {[%emt 0:00:00]} (22. Bxe6 $142 Rxd1 23. Rxd1 fxe6 24. Rd7) 22... Qxa2 {[%emt 0:00:00]} 23. Bxd8 {[%emt 0:00:00]} Nxd8 {[%emt 0:00:00]} 24. Qb6 {[%emt 0:02:37]} Qa5 {[%emt 0:05:00]} 25. Qxa5 {[%emt 0:00:30]} Bxa5 {[%emt 0:00:00]} 26. Ra1 {[%emt 0:00:00]} Bc3 {[%emt 0:00:00]} 27. Rxa6 {[%emt 0:00:00]} b4 {[%emt 0:01:21]} 28. Rd1 {[%emt 0:02:27]} Nb7 {[%emt 0:00:00]} 29. Rd5 {[%emt 0:00:00]} g6 {[%emt 0:00:47]} 30. Be2 {[%emt 0:04:02]} Kg7 {[%emt 0:06:01]} 31. Bc4 {[%emt 0:00:41]} Nd8 {[%emt 0:00:44]} 32. Rd7 {[%emt 0:00:37]} h5 {[%emt 0:00:56]} 33. Ra8 {[%emt 0:03:23]} Ne6 {[%emt 0:00:02]} 34. Rxf8 {[%emt 0:00:20]} Kxf8 {[%emt 0:00:00]} 35. Bxe6 {[%emt 0:00:00]} fxe6 {[%emt 0:00:00]} 36. h4 {[%emt 0:00:18]} Bf6 {[%emt 0:00:00]} 37. g3 {[%emt 0:00:00]} Be7 {[%emt 0:00:00]} 38. Kg2 {[%emt 0:00:18]} Kf7 {[%emt 0:00:00]} 39. Kf3 {[%emt 0:00:00]} Kf6 {[%emt 0:00:00]} 40. Ke4 $18 {[%emt 0:00:00]} Bc5 {[%emt 0:00:00]} 41. Rd2 {[%emt 0:03:04]} Ba7 {[%emt 0:00:00]} 42. f3 {[%emt 0:00:00]} g5 {[%emt 0:00:00]} 43. Ra2 {[%emt 0:00:00]} Bc5 {[%emt 0:00:00]} 44. hxg5+ {[%emt 0:00:00]} 1-0

[Event "15th Deltalift Open 2018"]
[Site "Halmstad"]
[Date "2018.05.12"]
[Round "8"]
[White "Ivarsson, Torbjorn"]
[Black "Andersson, Robert"]
[Result "1-0"]
[WhiteElo "2153"]
[BlackElo "2090"]
[Annotator "NA"]
[PlyCount "79"]
[EventDate "2018.??.??"]
[EventType "swiss"]
[EventCountry "SWE"]
[SourceTitle "playchess.com"]
[Source "ChessBase"]
[SourceQuality "1"]
[TimeControl "1800+12"]

1. d4 {[%emt 0:00:00]} Nf6 {[%emt 0:00:00]} 2. Bf4 {[%emt 0:00:00]} g6 {[%emt 0:00:00]} 3. Nc3 {[%emt 0:00:00]} d5 {[%emt 0:00:00] A45: Trompowsky Attack} 4. e3 {[%emt 0:00:00]} Bg7 {[%emt 0:00:00]} 5. h4 {[%emt 0:00:00]} h5 {[%emt 0:00:00]} 6. Nf3 {[%emt 0:00:00] LiveBook: 20 Games} Ne4 $146 {[%emt 0:00:00]} (6... O-O $11) ({Predecessor:} 6... Bg4 7. Be2 Bxf3 8. Bxf3 c6 9. Qd2 Nbd7 10. O-O-O b5 11. Kb1 {½-½ (34) Aronian,L (2797)-Vachier Lagrave,M (2793) Caleta 2018}) 7. Nxe4 {[%emt 0:00:00]} dxe4 8. Ng5 {[%emt 0:00:00]} c5 {[%emt 0:00:00]} 9. c3 {[%emt 0:00:00]} cxd4 {[%emt 0:00:00]} 10. cxd4 {[%emt 0:00:00]} Qa5+ {[%emt 0:04:10]} 11. Qd2 {[%emt 0:00:00]} Qxd2+ {[%emt 0:00:21]} 12. Kxd2 {[%emt 0:00:00]} Bf5 {[%emt 0:05:19]} 13. Bc4 {[%emt 0:00:00]} O-O {[%emt 0:01:57]} 14. Ke2 {[%emt 0:00:00]} Nd7 {[%emt 0:03:55]} 15. Rhd1 {[%emt 0:00:00]} e5 {[%emt 0:00:00]} 16. dxe5 {[%emt 0:00:00]} Nxe5 {[%emt 0:00:00]} 17. Bxe5 {[%emt 0:00:00]} (17. Bd5 $14) 17... Bxe5 {[%emt 0:00:00]} 18. Rd5 {[%emt 0:00:00]} Bxb2 {[%emt 0:03:36]} 19. Rb1 {[%emt 0:00:00]} Rac8 {[%emt 0:02:10]} 20. Rxb2 {[%emt 0:00:00]} Rxc4 {[%emt 0:00:00]} 21. Rxb7 {[%emt 0:00:00]} Rc2+ {[%emt 0:02:05]} 22. Rd2 $1 {[%emt 0:00:00]} Rxd2+ {[%emt 0:00:00]} 23. Kxd2 {[%emt 0:00:00]} f6 {[%emt 0:00:00]} 24. Nh3 {[%emt 0:00:00]} Rd8+ {[%emt 0:03:00]} 25. Kc2 {[%emt 0:00:00]} Rc8+ {[%emt 0:01:15]} 26. Kb2 {[%emt 0:00:00]} Rd8 {[%emt 0:00:04]} 27. a4 {[%emt 0:00:00]} Bxh3 {[%emt 0:00:27]} 28. gxh3 {[%emt 0:00:00]} Rd2+ {[%emt 0:00:00]} 29. Kc3 {[%emt 0:00:00]} Rxf2 {[%emt 0:00:00]} 30. Rxa7 {[%emt 0:00:00]} Rf3 {[%emt 0:02:56]} 31. Kd4 {[%emt 0:00:00]} Rxh3 {[%emt 0:00:00]} 32. a5 {[%emt 0:00:00]} Rxh4 {[%emt 0:00:08]} 33. a6 {[%emt 0:00:00]} Rh1 {[%emt 0:00:00]} 34. Rb7 {[%emt 0:00:00]} Ra1 {[%emt 0:01:23]} 35. a7 {[%emt 0:00:00]} Ra4+ {[%emt 0:00:00]} 36. Kd5 {[%emt 0:00:00]} f5 {[%emt 0:01:27]} 37. Ke5 {[%emt 0:00:00]} h4 {[%emt 0:01:26]} 38. Kf4 {[%emt 0:00:00]} g5+ {[%emt 0:00:00]} 39. Kxg5 {[%emt 0:00:00]} h3 {[%emt 0:01:25]} 40. Rb8+ {[%emt 0:00:00]} 1-0

[Event "15th Deltalift Open 2018"]
[Site "Halmstad"]
[Date "2018.05.12"]
[Round "8"]
[White "Wallin, Dennis"]
[Black "Lindh, Fredrik"]
[Result "1/2-1/2"]
[WhiteElo "2136"]
[BlackElo "2296"]
[Annotator "NA"]
[PlyCount "43"]
[EventDate "2018.??.??"]
[EventType "swiss"]
[EventCountry "SWE"]
[SourceTitle "playchess.com"]
[Source "ChessBase"]
[SourceQuality "1"]
[TimeControl "1800+12"]

{[%evp 8,42,14,10,32767,32767,0,32767,8,10,32767,1,38,6,58,36,55,52,32767,62,75,51,73,65,32767,32767,62,32767,32767,32767,32767,65,91,81,32767,89,103]} 1. Nf3 {[%emt 0:00:00]} Nf6 {[%emt 0:00:00]} 2. d4 {[%emt 0:00:00]} g6 {[%emt 0:00:00]} 3. Bg5 {[%emt 0:00:00]} Bg7 {[%emt 0:00:00]} 4. Nbd2 {[%emt 0:00:00]} d5 {[%emt 0:00:00]} 5. e3 {[%emt 0:00:00]} O-O {[%emt 0:00:00]} 6. Be2 {[%emt 0:00:00]} c5 {[%emt 0:00:00]} 7. c3 {[%emt 0:00:00]} b6 {[%emt 0:00:00]} 8. O-O {[%emt 0:00:00]} Bb7 {[%emt 0:00:00]} 9. a4 {[%emt 0:00:00]} Nbd7 {[%emt 0:00:00]} 10. a5 {[%emt 0:00:00] LiveBook: 27 Games} Ne4 {[%emt 0:00:00] D03: 1 d4 d5 2 Nf3 Nf6 3 Bg5, including Torre Attack with early ...d5} (10... h6 11. Bh4 Ne4 12. a6 Bc6 13. Nxe4 dxe4 14. d5 exf3 15. gxf3 Bxd5 16. Qxd5 Nf6 17. Qxd8 Raxd8 18. Rfd1 {1-0 (44) Mastrovasilis,A (2551)-Papp,P (2352) Caleta 2017}) 11. Nxe4 {[%emt 0:00:00]} dxe4 {[%emt 0:00:00]} 12. Nd2 {[%emt 0:00:00]} h6 {[%emt 0:00:00]} 13. Bh4 {[%emt 0:00:00]} cxd4 {[%emt 0:00:00]} 14. cxd4 {[%emt 0:00:00]} Nf6 $146 {[%emt 0:00:00]} ({Predecessor:} 14... bxa5 15. Qa4 Nb6 16. Qxa5 Bd5 17. Rfc1 Qd7 18. Qb4 {1-0 (36) Sosna,J (2411)-Lanc,A (2368) Czechia 2007}) 15. Qb3 {[%emt 0:00:00]} Bd5 {[%emt 0:00:00]} 16. Bc4 {[%emt 0:00:00]} e6 {[%emt 0:00:00]} 17. Bxd5 {[%emt 0:00:00]} Qxd5 {[%emt 0:00:00]} 18. Bxf6 {[%emt 0:00:00]} Bxf6 {[%emt 0:00:00]} 19. axb6 {[%emt 0:00:00]} axb6 {[%emt 0:00:00]} 20. Qc2 {[%emt 0:00:00]} e5 {[%emt 0:13:18]} 21. Nxe4 {[%emt 0:00:00]} Bg7 $16 {[%emt 0:01:33]} 22. Nc3 {[%emt 0:10:00]} 1/2-1/2

[Event "15th Deltalift Open 2018"]
[Site "Halmstad"]
[Date "2018.05.12"]
[Round "8"]
[White "Ask, Josef"]
[Black "Wernberg, Hugo"]
[Result "1-0"]
[WhiteElo "2135"]
[BlackElo "1977"]
[Annotator "NA"]
[PlyCount "101"]
[EventDate "2018.??.??"]
[EventType "swiss"]
[EventCountry "SWE"]
[SourceTitle "playchess.com"]
[Source "ChessBase"]
[SourceQuality "1"]
[TimeControl "1800+12"]

1. Nf3 {[%emt 0:00:00]} Nf6 {[%emt 0:00:00]} 2. g3 {[%emt 0:00:00]} b6 {[%emt 0:00:00]} 3. Bg2 {[%emt 0:00:00]} Bb7 {[%emt 0:00:00]} 4. c4 {[%emt 0:00:00]} e5 {[%emt 0:00:00] A15: English Opening: 1...Nf6} (4... e6 5. O-O Be7 6. b3 O-O 7. Bb2 d5 8. cxd5 exd5 9. d4 Ne4 10. Nc3 Nxc3 11. Bxc3 a5 12. Ne5 Nd7 13. Nd3 Bd6 14. e3 Qe7 15. Re1 Nf6 16. Qc2 Rfe8 17. Rad1 h5 18. f3 {1-0 (65) Ponomariov,R (2694)-Anton Guijarro,D (2666) Riadh 2017}) 5. d3 {[%emt 0:00:00]} Bb4+ {[%emt 0:00:00]} 6. Bd2 {[%emt 0:00:00]} Bxd2+ {[%emt 0:00:00]} 7. Nbxd2 {[%emt 0:00:00]} d6 {[%emt 0:00:00]} 8. O-O {[%emt 0:00:00]} O-O {[%emt 0:00:00]} 9. b4 {[%emt 0:00:00]} Re8 $146 {[%emt 0:00:00]} ({Predecessor:} 9... Nbd7 10. Qc2 Qe7 11. Nb3 c5 12. bxc5 Nxc5 13. Nxc5 bxc5 {1-0 (53) Iwanesko,A (1760)-Baudon,S (1984) Besancon 2006}) 10. Qb3 {[%emt 0:00:00]} Nbd7 {[%emt 0:00:00]} 11. e4 {[%emt 0:00:00]} a5 {[%emt 0:00:00]} 12. a3 {[%emt 0:00:00]} axb4 {[%emt 0:00:00]} 13. axb4 {[%emt 0:00:00]} Qe7 {[%emt 0:00:00]} 14. Nh4 {[%emt 0:00:00]} Qf8 {[%emt 0:00:00]} 15. Rxa8 {[%emt 0:00:00]} Rxa8 {[%emt 0:00:00]} 16. f4 {[%emt 0:00:00]} Ra7 {[%emt 0:00:00]} 17. fxe5 {[%emt 0:00:00]} dxe5 {[%emt 0:00:00]} 18. Bh3 {[%emt 0:00:00]} Nb8 {[%emt 0:00:00]} 19. Ndf3 {[%emt 0:00:00]} Nc6 {[%emt 0:00:00]} 20. c5 {[%emt 0:00:00]} bxc5 {[%emt 0:00:00]} 21. Nf5 $2 {[%emt 0:00:00]} (21. b5 $11 Nd4 22. Nxd4 cxd4 23. Qc4) 21... Bc8 {[%emt 0:00:00]} 22. Ng5 {[%emt 0:00:00]} Bxf5 {[%emt 0:00:00]} 23. Bxf5 {[%emt 0:00:00]} Nd4 {[%emt 0:00:00]} 24. Qc4 {[%emt 0:00:00]} h6 {[%emt 0:00:00] [#]} 25. Nxf7 $1 {[%emt 0:00:00]} Nxf5 {[%emt 0:00:00]} 26. Nxe5+ {[%emt 0:00:00]} Kh7 {[%emt 0:00:00]} 27. Rxf5 {[%emt 0:00:00]} cxb4 {[%emt 0:00:00] [#]} 28. Nc6 {[%emt 0:00:00]} ({Better is} 28. Nd7 $1 $16 {[%cal Rd7f8]} Qg8 29. Nxf6+ gxf6 30. Qxb4) 28... Ra1+ {[%emt 0:00:00]} 29. Kg2 {[%emt 0:00:00]} Qd6 {[%emt 0:00:00]} 30. Nxb4 {[%emt 0:00:00]} Ng4 {[%emt 0:05:19]} 31. Qc5 {[%emt 0:00:00]} Ne3+ {[%emt 0:01:51]} (31... Rb1 $11 {keeps the balance.} 32. Qxd6 cxd6) 32. Qxe3 {[%emt 0:00:00]} Qxb4 {[%emt 0:00:00]} 33. Rf2 {[%emt 0:00:00]} Qd6 {[%emt 0:02:51]} 34. e5 {[%emt 0:00:00]} Qd5+ {[%emt 0:00:29]} 35. Qe4+ {[%emt 0:00:00]} Qxe4+ {[%emt 0:00:10]} 36. dxe4 {[%emt 0:00:00]} Ra8 {[%emt 0:01:10]} 37. Rc2 {[%emt 0:00:00]} Rc8 {[%emt 0:00:03]} 38. Rc6 {[%emt 0:00:00]} Kg8 {[%emt 0:00:35]} 39. Kf3 {[%emt 0:00:00]} Kf7 {[%emt 0:01:29]} 40. Kf4 {[%emt 0:00:00]} Ke7 {[%emt 0:04:11]} 41. e6 {[%emt 0:00:00]} Kf6 {[%emt 0:01:37]} 42. h4 {[%emt 0:00:00]} Rf8 {[%emt 0:12:39]} 43. e5+ {[%emt 0:00:00]} Kg6+ {[%emt 0:03:02]} 44. Ke4 {[%emt 0:00:00]} Rc8 {[%emt 0:00:50]} 45. g4 {[%emt 0:00:00]} h5 {[%emt 0:00:00]} 46. g5 $18 {[%emt 0:00:00]} (46. gxh5+ $142 Kxh5 47. e7) 46... Re8 {[%emt 0:00:00]} 47. e7+ {[%emt 0:00:00]} Kf7 {[%emt 0:00:00]} 48. Rxc7 {[%emt 0:00:00]} g6 {[%emt 0:00:00]} 49. Kd5 {[%emt 0:00:00]} Rxe7 {[%emt 0:00:00]} 50. e6+ {[%emt 0:00:00]} Kf8 {[%emt 0:00:00]} 51. Rxe7 {[%emt 0:00:00]} 1-0